000 00548nam a22001817a 4500
005 20251108164402.0
008 250721s1983 xx 000 0 ara d
082 1 4 _a723.30962/كما
100 1 _aسامح، كمال الدين
245 1 0 _aالعمارة الإسلامية في مصر /
250 _aط2.
264 1 _aالقاهره :
_bالهيئة المصرية العامة للكتاب،
_c1983.
300 _a134ص : مص
650 1 7 _aالعمارة الإسلامية
650 1 7 _aمصر
942 _2ddc
_cBK
999 _c10861
_d10861